|
|
|
|
| LEADER |
00952nam a22002417a 4500 |
| 001 |
42691 |
| 003 |
BD-DhAAL |
| 005 |
20240701161942.0 |
| 008 |
240613t1996 enka|||| |||| 00| 0 eng d |
| 020 |
|
|
|a 9780748723669
|
| 020 |
|
|
|a 0748723668
|
| 040 |
|
|
|a BD-DhAAL
|d BD-DhAAL
|
| 082 |
|
|
|a 570
|2 22
|
| 100 |
|
|
|a Williams, Gareth.
|9 56559
|
| 245 |
|
|
|a Biology for you /
|c Gareth Williams.
|
| 250 |
|
|
|a New national curriculum edition for GCSE.
|
| 264 |
|
|
|a Cheltenham, England :
|b Stanley Thornes,
|c 1996.
|
| 300 |
|
|
|a 352 pages :
|b ll. (chiefly col.), col. maps ;
|c 25 cm.
|
| 541 |
|
|
|a Donation from the Asia Foundation/ Savar Campus
|e 42691
|
| 650 |
|
|
|a Biology
|v Textbooks.
|
| 942 |
|
|
|2 ddc
|c BK
|
| 999 |
|
|
|c 46731
|d 46731
|
| 952 |
|
|
|0 0
|1 0
|2 ddc
|4 0
|6 570_000000000000000_WIL
|7 0
|9 75653
|a SCL
|b SCL
|c GEN
|d 2024-06-13
|e Donation from the Asia Foundation/ Savar Campus
|l 0
|o 570 WIL
|p 3020042691
|r 2024-06-13
|t 1
|w 2024-06-13
|y BK
|x Donation from the Asia Foundation/ Savar Campus
|